书目信息 |
| 题名: |
魔沼
|
|
| 作者: | 乔治桑, 著 | |
| 分册: | ||
| 出版信息: | 新疆 伊犁人民出版社 2000.11 |
|
| 页数: | 308页 | |
| 开本: | 21cm | |
| 丛书名: | 世界名著百部 | |
| 单 册: | ||
| 中图分类: | I565.44 | |
| 科图分类: | ||
| 主题词: | 小说--文学--法国--近代 | |
| 电子资源: | ||
| ISBN: | 7-5425-0549-1 | |
| 000 | 00723nam 2200241 450 | |
| 001 | 0163113147 | |
| 005 | 20050913094400.37 | |
| 010 | @a7-5425-0549-1@dCNY11.00 | |
| 100 | @a20041218d2000 km y0chiy0120 ea | |
| 101 | 1 | @achi@cfre |
| 102 | @aCN@b650000 | |
| 105 | @ay z 000ay | |
| 200 | 1 | @a魔沼@Amo zhao@f乔治桑 (George Sand) 著@Fqiao zhi sang(George Sand)zhu |
| 210 | @a新疆@c伊犁人民出版社@d2000.11 | |
| 215 | @a308页@d21cm | |
| 225 | 2 | @a世界名著百部@v038 |
| 330 | @a本书是世界名著小说。 | |
| 410 | 0 | @12001 @a世界名著百部 |
| 606 | 0 | @a小说@x文学@y法国@z近代 |
| 690 | @aI565.44@v4 | |
| 701 | 1 | @a乔治桑,@Aqiao zhi sang,@bG.@g(Sand, George)@4著 |
| 801 | 0 | @aCN@bQSSK@c20050913 |
| 905 | @a10447@dI565.44@eQ343 | |
| 魔沼/乔治桑 (George Sand) 著.-新疆:伊犁人民出版社,2000.11 |
| 308页;21cm.-(世界名著百部;038) |
| ISBN 7-5425-0549-1:CNY11.00 |
| 本书是世界名著小说。 |
| ● |
| 相关链接 |
|
|
|
正题名:魔沼
索取号:I565.44/Q343
 
预约/预借
| 序号 | 登录号 | 条形码 | 馆藏地/架位号 | 状态 | 备注 |
| 1 | 563282 | 205632822 | 文学库116/116文学库 23排6列1层/ [索取号:I565.44/Q343] | 在馆 | |
| 2 | 563283 | 205632831 | 社科二线422/422社科库 21排2列2层/ [索取号:I565.44/Q343] | 在馆 | |
| 3 | 563284 | 205632840 | 社科二线400B/116文学库 24排1列3层/ [索取号:I565.44/Q343] | 在馆 |